000 00255nam a2200109Ia 4500
008 190216s9999||||xx |||||||||||||| ||und||
100 _aRobert Zaller
245 0 _aEurope In Transition
260 _bHarcourt Brace & Com
650 _aHistory
942 _cBK
999 _c19535
_d19535